000 01212cam a2200169 i 4500
999 _c4859
_d4859
020 _a9780409113709
020 _a9780409113723
050 0 0 _aK3175
_b.At8
100 1 _aAtupare, Atudiwe P.
245 1 0 _aConstitutional Justice in Africa :
_bAn Examiniation of Constitutional Positivism Fundamental Law and Right in Ghana and Nigeria /
_cDr. Atudiwe P. Atupare, B.A., LL.B.(Gh), M.A.(Brock) LL.M. PhD (Queen's Canada).
260 _aSouth Africa
_bLexis, Nexis Ltd
_c2011
300 _a2 volumes ;
_c23 cm
500 _aIncludes subject matter index.
505 _aThe constitutional setting for human rights in Ghana and Nigeria- The Constitution as fundamental law for the collective good -- Theories of rights and the legitimacy of Judicial Review -- Independent courts and Judicial Application of fundamental Law Theories in Ghana-- General approaches to constitutional interpretation in Ghana and Nigeria -- Fundamental Law, Human Right,and the Directive Principles Jurisprudence in Ghana and Nigeria -- Consolidating an Integrated Rights Approach: Socio- Economic Constitutional Justice in Ghana and Nigeria -- Conclusion:Constitutional Justice in Africa --
650 0 _aTorts
942 _cBK